| 000 | 00614nam a2200217 a 4500 | ||
|---|---|---|---|
| 005 | 20210223120629.0 | ||
| 008 | 991125s1986 es 000 0 spa u | ||
| 020 | _a843298504X | ||
| 035 | _aUPN01000004590 | ||
| 049 | _aCG | ||
| 050 | 4 |
_aNK8555 _bK4.38 1986 |
|
| 100 | 1 | _aKenny, Carla | |
| 245 | 1 | 3 |
_aEl arte y el papel maché / _cCarla y John K. Kenny. |
| 250 | _a4a ed. | ||
| 260 |
_aBarcelona, Esp. : _bCEAC, _c1986. |
||
| 300 |
_a172 p. : _bil. (algunas col.) |
||
| 440 | 0 | _aEnciclopedia de las artesanÃas | |
| 650 | 4 |
_aPAPEL, ESCULTURAS EN _924102 |
|
| 700 | 1 |
_aKenny, John K., _ecoaut. |
|
| 905 | _aLibro | ||
| 999 |
_c4590 _d4590 |
||